000 00474nam a2200181Ia 4500
003 GCL
008 140319s9999 xx 000 0 eng d
040 _aGCL /
_cGCL
082 0 4 _a823.809
_bS E
100 1 _aSKILTON, DAVID
245 1 0 _aTHE EARLY AND MID-VICTRIAN NOVEL /
_cSKILTON, DAVID
260 _a[S.N] :
_bROUTLEDGE ،
_c1993
300 _a182 P
650 0 4 _aنايل سات
650 0 4 _aHISTORY AND CRITICISM
650 0 4 _aENGLISH FICTION
942 _2ddc
_cBK
999 _c24413
_d24413